[Event "IECG TE.2005.P.01810 email"]
[Site "IECG email"]
[Date "2005.03.24"]
[Round "?"]
[White "Dasuzhau, Ihar"]
[Black "Vanhamme, Patrick J"]
[Result "0-1"]
[WhiteElo "1600"]
[BlackElo "2188"]
[PlyCount "82"]
[EventDate "2005.03.24"]
[EventType "tourn (corr)"]
[EventRounds "4"]
[SourceTitle "Corr 2008"]
[Source "ChessBase"]
[SourceDate "2008.06.24"]
[SourceVersion "1"]
[SourceVersionDate "2008.06.24"]
[SourceQuality "1"]

1. d4 Nf6 2. c4 c5 3. d5 b5 4. Nf3 g6 5. cxb5 a6 6. e3 axb5 7. Bxb5 Qa5+ 8. Nc3 Ba6 9. Bxa6 Qxa6 10. Qe2 Bg7 11. e4 d6 12. Qxa6 Nxa6 13. 0-0 0-0 14. a3 Rfb8 15. Rb1 Nc7 16. Bg5 Nb5 17. Nxb5 Rxb5 18. Rfe1 h6 19. Bxf6 Bxf6 20. e5 Bxe5 21. Nxe5 dxe5 22. h4 Kf8 23. g3 c4 24. Rec1 Ra4 25. Rd1 Ke8 26. Kg2 Kd7 27. Rdc1 Kd6 28. Rc3 Rxd5 29. b4 Rd4 30. Rbc1 Kd5 31. Rf3 f5 32. Rfc3 e4 33. R1c2 e5 34. Kh3 g5 35. h5 g4+ 36. Kg2 f4 37. Kg1 Ra8 38. Rc1 Rc8 39. a4 Rd3 40. gxf4 Rxc3 41. Rxc3 exf4 0-1

[Event "IECG TE.2005.P.01810 email"]
[Site "IECG email"]
[Date "2005.03.24"]
[Round "?"]
[White "Vanhamme, Patrick J"]
[Black "Dasuzhau, Ihar"]
[Result "1-0"]
[WhiteElo "2188"]
[BlackElo "1600"]
[PlyCount "79"]
[EventDate "2005.03.24"]
[EventType "tourn (corr)"]
[EventRounds "4"]
[SourceTitle "Corr 2008"]
[Source "ChessBase"]
[SourceDate "2008.06.24"]
[SourceVersion "1"]
[SourceVersionDate "2008.06.24"]
[SourceQuality "1"]

1. d4 Nf6 2. c4 c5 3. d5 b5 4. Nf3 Bb7 5. a4 b4 6. Nbd2 e6 7. e4 exd5 8. e5 Ng8 9. cxd5 Bxd5 10. Nc4 Be6 11. Bd3 Nc6 12. 0-0 Be7 13. Re1 Kf8 14. Bf4 Qc7 15. Rc1 Na5 16. Nfd2 Nxc4 17. Nxc4 Rc8 18. Be4 h6 19. Nd6 Bxd6 20. exd6 Qb6 21. Bf3 b3 22. Re5 g6 23. Be3 Qa5 24. Bb7 Rb8 25. Rcxc5 Qb4 26. Bf3 Qxa4 27. Ra5 Qh4 28. Rxa7 Qd8 29. Rea5 Kg7 30. Bd4+ f6 31. Rc7 Qf8 32. Raa7 Rd8 33. Bd5 Bxd5 34. Qg4 h5 35. Rxd7+ Rxd7 36. Qxd7+ Bf7 37. h3 Nh6 38. Qe6 Ng8 39. h4 Rh7 40. f4 1-0